Instrumenty oddzialywania panstwa na gospodarke. 1.
Príčiny, ciele a rozsah aktivity štátu v oblasti hospodárstva. Dva kanály, ktorými ekonomická aktivita štátu môže vplývať na hospodárstvo. Štyri skupiny faktorov znemožňujúcich, aby štát dosiahol základné ciele ním predpokladané. Finančná politika. Expanzívny finančný program.
Salvato in:
| Autore principale: | |
|---|---|
| Natura: | Capitolo di libro |
| Lingua: | polacco |
| Soggetti: | |
| Tags: |
Nessun Tag, puoi essere il primo ad aggiungerne!!
|
MARC
| LEADER | 00000naa a2200000 4500 | ||
|---|---|---|---|
| 001 | r010990 | ||
| 005 | 20221125123125.5 | ||
| 041 | 0 | |a pol | |
| 044 | |a PL | ||
| 245 | 1 | 0 | |a Instrumenty oddzialywania panstwa na gospodarke. 1. |c D. Hübner |
| 520 | |a Príčiny, ciele a rozsah aktivity štátu v oblasti hospodárstva. Dva kanály, ktorými ekonomická aktivita štátu môže vplývať na hospodárstvo. Štyri skupiny faktorov znemožňujúcich, aby štát dosiahol základné ciele ním predpokladané. Finančná politika. Expanzívny finančný program. | ||
| 610 | 2 | 0 | |a hospodárstvo národné |
| 610 | 2 | 0 | |a intervencionizmus štátny |
| 610 | 2 | 0 | |a politika finančná |
| 610 | 2 | 0 | |a nástroje ekonomické |
| 100 | 1 | |a Hübner, Danuta | |